Central Library OPAC University of Rajshahi

সিলেটের শতবর্ষের ঐতিহ্য কেন্দ্রীয় মুসলিম সাহিত্য সংসদ / (Record no. 74573)

MARC details
000 -LEADER
fixed length control field 01033nam a22002177a 4500
001 - CONTROL NUMBER
control field 74573
003 - CONTROL NUMBER IDENTIFIER
rucl marc code BD-RjUL
005 - DATE AND TIME OF LATEST TRANSACTION
control field 20211209082554.0
008 - FIXED-LENGTH DATA ELEMENTS--GENERAL INFORMATION
fixed length control field 181029s2004 -uk||||| |||| 00| 0 eng d
035 ## - SYSTEM CONTROL NUMBER
System control number (BD-RjUL)74791
040 ## - CATALOGING SOURCE
Original cataloging agency BD-RjUL
Language of cataloging ben
Transcribing agency BD-RjUL
041 ## - LANGUAGE CODE
Language code of text/sound track or separate title ben
082 ## - DEWEY DECIMAL CLASSIFICATION NUMBER
Edition number 23
Classification number 954.927
Author mark and year CHS 2004
100 ## - MAIN ENTRY--PERSONAL NAME
Personal name চৌধুরী, রাগিব হোসেন
9 (RLIN) 224351
245 10 - TITLE STATEMENT
Title সিলেটের শতবর্ষের ঐতিহ্য কেন্দ্রীয় মুসলিম সাহিত্য সংসদ /
Statement of responsibility, etc. রাগিব হোসেন চৌধুরী
260 ## - PUBLICATION, DISTRIBUTION, ETC. (IMPRINT)
Place of publication, distribution, etc. লন্ডন :
Name of publisher, distributor, etc. দ্য এথনিক মাইনরিটিজ অরিজিন্যাল হিস্টী এণ্ড রিসার্চ সেন্টার,
Date of publication, distribution, etc. ২০০৪
300 ## - PHYSICAL DESCRIPTION
Pagination ৪৮০ পৃ. :
Illustrations চিত্রসমূহ ;
Size ২৩ সেমি.
651 ## - SUBJECT ADDED ENTRY--GEOGRAPHIC NAME
Geographic name বাংলাদেশ
Geographic subdivision সিলেট
9 (RLIN) 224352
Geographic name Bangladesh
Geographic subdivision Sylhet
9 (RLIN) 224353
942 ## - ADDED ENTRY ELEMENTS (KOHA)
Source of classification or shelving scheme Dewey Decimal Classification
Koha item type Books
Holdings
Lost status Source of classification or shelving scheme Damaged status Not for loan Collection code Permanent Location Current Location Shelving location Date acquired Source of acquisition Cost, normal purchase price Total Checkouts Full call number Date last seen Copy number Koha item type
  Dewey Decimal Classification   Not For Loan Non-fiction Central Library, University of Rajshahi Central Library, University of Rajshahi Reading Room 21/12/2004 Author 450.00   B 954.927 CHS 2004 29/10/2018 C-1 Books